Moth smoke / (Record no. 186798)
[ view plain ]
| 000 -LEADER | |
|---|---|
| fixed length control field | 00832 a2200193 4500 |
| 003 - CONTROL NUMBER IDENTIFIER | |
| control field | Nust |
| 005 - DATE AND TIME OF LATEST TRANSACTION | |
| control field | 20230123124639.0 |
| 010 ## - LIBRARY OF CONGRESS CONTROL NUMBER | |
| LC control number | 99045753 |
| 020 ## - INTERNATIONAL STANDARD BOOK NUMBER | |
| International Standard Book Number | 0140297049 |
| 040 ## - CATALOGING SOURCE | |
| Transcribing agency | Nust |
| 082 00 - DEWEY DECIMAL CLASSIFICATION NUMBER | |
| Classification number | 813.54,HAM |
| 100 1# - MAIN ENTRY--PERSONAL NAME | |
| Personal name | Hamid, Mohsin, |
| 9 (RLIN) | 62858 |
| 245 10 - TITLE STATEMENT | |
| Title | Moth smoke / |
| Statement of responsibility, etc. | Mohsin Hamid. |
| 250 ## - EDITION STATEMENT | |
| Edition statement | 1st ed. |
| 260 ## - PUBLICATION, DISTRIBUTION, ETC. | |
| Place of publication, distribution, etc. | New York : |
| Name of publisher, distributor, etc. | Farrar, Straus, and Giroux, |
| Date of publication, distribution, etc. | 2000. |
| 300 ## - PHYSICAL DESCRIPTION | |
| Extent | 244 p. ; |
| Dimensions | 22 cm. |
| 505 ## - FORMATTED CONTENTS NOTE | |
| Formatted contents note | One (Page-5), Judgment (Page-7), Two (Page-10), Opening the Purple Box (Page-35), Three (Page-39), The Big Man (Page-59), Four (Page-72), What Lovely Weather We’re Having (Page-101), Five (Page-111), The Wife and Mother (Page-147), Six (Page-159), The Best Friend (Page-184), Seven (Page-195), Judgment (Page-234), Eight (Page-237), The Wife and Mother (Page-241), Nine (Page-245). |
| 942 ## - ADDED ENTRY ELEMENTS (KOHA) | |
| Source of classification or shelving scheme | |
| Koha item type | Book |
| Withdrawn status | Lost status | Source of classification or shelving scheme | Damaged status | Not for loan | Permanent Location | Current Location | Shelving location | Date acquired | Total Checkouts | Full call number | Barcode | Checked out | Date last seen | Date last checked out | Price effective from | Koha item type | Public note |
|---|---|---|---|---|---|---|---|---|---|---|---|---|---|---|---|---|---|
| Military College of Signals (MCS) | Military College of Signals (MCS) | Fiction | 12/12/2016 | 6 | 813.54,HAM | MCS31859 | 05/13/2026 | 04/13/2026 | 04/13/2026 | 12/12/2016 | Book | Almirah No.57, Shelf No.4 |
